00505 a2200169 450000500170000000800410001701000140005802000230007203500130009503700150010808200080012310000150013124500520014626000410019827000710023930000250031020080917112431.0080917t xxu||||| |||| 00| 0 eng d aENG-87788 a8177692186c300.00 aEN-71321 bDBAD / PUB a250 aBodh, P.C. aThe tales from the Buddha's lifecby P.C. Bodh aVaranasibPilgrims Publishingcc2004 aB27/98, A-8, Nawabganj Road, Durga Kund,bVaranasie91-542-2314059 a258 p.c21 cm ( Hb.)